000 00295nam a22001337a 4500
008 170202b xxu||||| |||| 00| 0 eng d
020 _a0721694195
041 _aeng
080 _a61
100 _a3
101 _aSHM
245 _aSAUNDERS MANUAL OF CRITICAL CARE
_cKRUSE, J.A
942 _2udc
_cBK
999 _c4300
_d4300